[Event "34th Olympiad"]
[Site "Istanbul TUR"]
[Date "2000.11.09"]
[Round "12"]
[White "Ye Jiangchuan"]
[Black "Andersson,U"]
[Result "1/2-1/2"]
[WhiteElo "2670"]
[BlackElo "2641"]

1.e4 c5 2.Nf3 e6 3.d4 cxd4 4.Nxd4 Nc6 5.Nc3 a6 6.Be2 Qc7 7.O-O Nf6 8.Kh1 Nxd4
9.Qxd4 Bc5 10.Qd3 b5 11.f4 Bb7 12.Bf3 O-O 13.e5 Ne8 14.Bxb7 Qxb7 15.f5 f6
16.Bf4  1/2-1/2

[Event "34th Olympiad"]
[Site "Istanbul TUR"]
[Date "2000.11.09"]
[Round "12"]
[White "Kotronias,V"]
[Black "Andolo,H"]
[Result "1-0"]
[WhiteElo "2539"]
[BlackElo "2146"]

1.e4 c5 2.Nf3 e6 3.d4 cxd4 4.Nxd4 Nc6 5.Nc3 Qc7 6.Be3 a6 7.Bd3 Nf6 8.O-O b5
9.Nxc6 Qxc6 10.a3 Bb7 11.f4 h5 12.Qe1 Ng4 13.Bd4 Bc5 14.Bxc5 Qxc5+ 15.Kh1 h4
16.h3 Ne3 17.Rf3 Nc4 18.Bxc4 Qxc4 19.Rd1 Qc7 20.Qf2 f5 21.Rfd3 Bc6 22.exf5 O-O
23.fxe6 dxe6 24.Rd6 Rf6 25.Qxh4 Raf8 26.Qg3 a5 27.R6d4 Rxf4 28.Rxf4 Rxf4
29.Ne2 Rf7 30.Qxc7 Rxc7 31.c3 Bd5 32.Rd4 Rf7 33.Kg1 Rf5 34.Nf4 Bc4 35.g4 Rf8
36.Ng6 Rf1+ 37.Kg2 Rb1 38.Kg3 Rxb2 39.Kh4 Rf2 40.Rd8+ Kf7 41.Rf8+ Kxg6 42.Rxf2 a4
43.Kg3 Bd5 44.Rf8 Bc4 45.Kf4 Bd5 46.h4 Bb3 47.h5+ Kh7 48.g5 e5+ 49.Kxe5 Bd1
50.g6+ Kh6 51.Kf5 Bc2+ 52.Kg4 Bd1+ 53.Kh4  1-0

[Event "34th Olympiad"]
[Site "Istanbul TUR"]
[Date "2000.11.09"]
[Round "12"]
[White "Bruzon,L"]
[Black "Vescovi,G"]
[Result "1/2-1/2"]
[WhiteElo "2534"]
[BlackElo "2526"]

1.e4 c5 2.Nf3 e6 3.d4 cxd4 4.Nxd4 Nc6 5.Nc3 Qc7 6.Be2 a6 7.O-O Nf6 8.Kh1 Nxd4
9.Qxd4 Bc5 10.Qd3 b5 11.f4 Bb7 12.Bf3 O-O 13.e5 Ne8 14.f5 f6 15.Bf4 fxe5
16.Bxb7 Qxb7 17.Bxe5 exf5 18.Rxf5 Rxf5 19.Qxf5 d6 20.Bg3 Nf6 21.Bxd6 Bd4
22.Qd3 Qb6 23.Ne4 Nxe4 24.Qxe4 Rd8 25.Be7 Re8 26.Qd5+ Kh8 27.c3 Qa7 28.Bh4 Bf2
29.Qc6 Rb8 30.Bg5 h6 31.Bf4 Rf8 32.Be5 Be3 33.h3 Qe7 34.Bh2 Bg5 35.Qxa6 Qe2
36.Qa3 Rd8 37.Bg1 Be7 38.b4 Bf6 39.Bc5 Rd2 40.Qa8+ Kh7 41.Rc1 Rxa2 42.Qd5 Rd2
43.Bd4 Qd3 44.Re1 Qg6 45.Rg1 Qd3 46.Re1 Bxd4 47.cxd4 Rb2 48.Kh2 Qg6 49.Rf1 Qg5
50.Qe4+ Qg6 51.Qd5 Qg5 52.Qxg5 hxg5 53.Rf5 Rxb4 54.Rxg5 Rxd4 55.Rxb5 Rd3
56.h4 Rc3  1/2-1/2

[Event "ch-POL Semi-Finals"]
[Site "Polanczyk POL"]
[Date "2000.11.09"]
[Round "6"]
[White "Warszawski,B"]
[Black "Markunas,G"]
[Result "1-0"]
[WhiteElo "2173"]
[BlackElo "2074"]

1.e4 c5 2.Nf3 e6 3.d4 cxd4 4.Nxd4 Nc6 5.Nc3 Nf6 6.Ndb5 d6 7.Bf4 e5 8.Bg5 a6
9.Na3 b5 10.Nd5 Be7 11.Bxf6 Bxf6 12.c3 O-O 13.Nc2 Bg5 14.a4 Rb8 15.axb5 axb5
16.Bd3 Ne7 17.Nxe7+ Bxe7 18.O-O Qb6 19.Qe2 g6 20.Nb4 Bd8 21.Nd5 Qb7 22.Qe3 Be6
23.Ra7 Qc6 24.Nb4 Qc8 25.Ra6 Qb7 26.Rfa1 Bc4 27.Bxc4 bxc4 28.Qe2 Rc8 29.Nd5 Rc6
30.Ra7 Qb5 31.b4 f5 32.Qe3 fxe4 33.Qh6 Rf7 34.Rxf7 Kxf7 35.Qxh7+ Ke6 36.Qxg6+ Kd7
37.Qf7+ Kc8  1-0

[Event "Chigorin Mem"]
[Site "St Petersburg RUS"]
[Date "2000.11.09"]
[Round "8"]
[White "Berelovich,A"]
[Black "Kirusha,A"]
[Result "1-0"]
[WhiteElo "2517"]
[BlackElo "2338"]

1.e4 c5 2.Nf3 e6 3.Nc3 Nc6 4.d4 cxd4 5.Nxd4 Nf6 6.Ndb5 d6 7.Bf4 e5 8.Bg5 a6
9.Na3 b5 10.Nd5 Be7 11.Bxf6 Bxf6 12.c3 O-O 13.Nc2 Bg5 14.a4 bxa4 15.Rxa4 a5
16.Bb5 Bb7 17.O-O Ne7 18.Nce3 Bxe3 19.Nxe3 Kh8 20.Qd3 Qb6 21.c4 g6 22.Nd5 Bxd5
23.exd5 Nf5 24.Rfa1 Nd4 25.b4 f5 26.Rxa5 Rxa5 27.bxa5 Qa7 28.Qa3 Rf6 29.Qb2 f4
30.Bc6 f3 31.Qb6 Qf7 32.g3 g5 33.Qb8+ Kg7 34.Qb7 Kf8 35.Qc8+ Kg7 36.Qd7 Kh8
37.a6 Nxc6 38.Qxf7 Rxf7 39.dxc6 Ra7 40.c7  1-0

[Event "34th Olympiad Women"]
[Site "Istanbul TUR"]
[Date "2000.11.10"]
[Round "13"]
[White "Sanchez Castillo,S"]
[Black "Burijovich,L"]
[Result "0-1"]
[WhiteElo "2093"]
[BlackElo "2182"]

1.e4 c5 2.Nf3 e6 3.d4 cxd4 4.Nxd4 Nc6 5.Nc3 Qc7 6.Be2 a6 7.O-O Nf6 8.Kh1 Nxd4
9.Qxd4 Bc5 10.Qd3 b5 11.f4 Bb7 12.Bf3 h5 13.e5 Ng4 14.Bxb7 Qxb7 15.Ne4 Qc6
16.Bd2 Rc8 17.b3 h4 18.h3 Nh6 19.c4 Nf5 20.cxb5 Qxe4 21.Qxe4 Ng3+ 22.Kh2 Nxe4
23.Ba5 axb5 24.Rac1 O-O  0-1

[Event "34th Olympiad"]
[Site "Istanbul TUR"]
[Date "2000.11.10"]
[Round "13"]
[White "El Arousy,A"]
[Black "Munoz Sotomayor,H"]
[Result "1-0"]
[WhiteElo "2363"]
[BlackElo "2322"]

1.e4 c5 2.Nf3 e6 3.d4 cxd4 4.Nxd4 Nc6 5.Nc3 Qc7 6.Be2 Nf6 7.O-O a6 8.Be3 Bb4
9.Na4 O-O 10.Nxc6 bxc6 11.Nb6 Rb8 12.Nxc8 Rfxc8 13.Bxa6 Rf8 14.Bd3 Bd6 15.f4 e5
16.f5 Rxb2 17.g4 Qa5 18.g5 Bc5 19.gxf6 Bxe3+ 20.Kh1 g6 21.fxg6 hxg6 22.Qg4 Bf4
23.Qh4 Qc3 24.Rg1 Rxc2 25.Bxc2 Qxc2 26.Rae1 Qc3 27.Qg4 d5 28.Re2 Qd4 29.Qf3 Rb8
30.Rge1 Rb4 31.Rc2 dxe4 32.Qh3 Rc4 33.Qc8+ Kh7 34.Qf8  1-0

[Event "34th Olympiad"]
[Site "Istanbul TUR"]
[Date "2000.11.10"]
[Round "13"]
[White "Reefat,S"]
[Black "Stefansson,H"]
[Result "0-1"]
[WhiteElo "2467"]
[BlackElo "2557"]

1.e4 c5 2.Nf3 Nc6 3.d4 cxd4 4.Nxd4 e6 5.Nc3 Qc7 6.Be2 a6 7.O-O Nf6 8.Kh1 Be7
9.f4 d6 10.Be3 O-O 11.a4 Re8 12.Bf3 Bf8 13.Nb3 b6 14.g4 Bb7 15.g5 Nd7 16.Bg2 Nc5
17.Nd4 Nb4 18.Qd2 d5 19.e5 Ne4 20.Nxe4 dxe4 21.c3 Nd3 22.Ne2 Red8 23.Bd4 Bc5
24.b3 Rac8 25.Ra2 Bd5 26.Qe3 Bxb3 27.Rd2 Bxd4 28.cxd4 Bxa4 29.Bxe4 Nb4 30.f5 Bc2
31.Ng3 Bxe4+ 32.Nxe4 Nc2 33.Qf4 Nxd4 34.Nd6 Nxf5 35.Nxc8 Rxc8 36.Qe4 Qe7
37.Rg1 g6 38.Qf3 Kg7 39.Qe4 b5 40.Ra2 Rc4 41.Qf3 Qc5 42.Re1 Rc1 43.Re2 a5
44.Qa8 Qc3  0-1

[Event "34th Olympiad Women"]
[Site "Istanbul TUR"]
[Date "2000.11.10"]
[Round "13"]
[White "Klink,T"]
[Black "Ioseliani,N"]
[Result "0-1"]
[WhiteElo "2336"]
[BlackElo "2476"]

1.e4 c5 2.Nf3 e6 3.d4 cxd4 4.Nxd4 Nc6 5.Nc3 a6 6.Be2 Qc7 7.O-O Nf6 8.Be3 Be7
9.f4 d6 10.a4 O-O 11.Kh1 Re8 12.Bf3 e5 13.Nf5 Bxf5 14.exf5 Rad8 15.g4 d5
16.Nxd5 Nxd5 17.Bxd5 Nb4 18.c4 Bc5 19.Bxc5 Qxc5 20.Re1 e4 21.Qe2 e3 22.Bg2 Nd3
23.Rf1 Nf2+ 24.Kg1 Rd2 25.Qf3 Ne4 26.Rae1 e2+ 27.Rf2 Nxf2 28.Qxf2 Rd1 29.Qxc5 Rxe1+
30.Kf2 Rd1  0-1

[Event "ch-POL Semi-Finals"]
[Site "Polanczyk POL"]
[Date "2000.11.11"]
[Round "8"]
[White "Stoma,P"]
[Black "Kosiorek,M"]
[Result "1/2-1/2"]
[WhiteElo "2105"]
[BlackElo "2378"]

1.e4 c5 2.Nf3 e6 3.d4 cxd4 4.Nxd4 Nc6 5.Nc3 d6 6.Be2 Nf6 7.O-O Be7 8.Be3 O-O
9.f4 Bd7 10.Kh1 a6 11.Qe1 b5 12.a3 Qb8 13.Qg3 b4 14.axb4 Qxb4 15.Nxc6 Bxc6
16.e5 Ne4 17.Nxe4 Bxe4 18.Bd3 Bxd3 19.cxd3 Qxb2 20.Rab1 Qc3 21.d4 Rab8 22.Rbc1 Qd3
23.Bf2 Qxg3 24.hxg3 Rfc8 25.Ra1 Ra8 26.Rfb1 dxe5 27.dxe5 h5 28.Ra4 Rc6 29.Kh2 Bf8
30.Rb6 Rxb6 31.Bxb6 Rc8 32.Ra1 Rc6 33.Rb1 g5 34.Ba5 g4 35.Rb8 Kg7 36.Bb4 Bxb4
37.Rxb4 a5 38.Ra4 Ra6 39.Kg1 Kg6 40.Kf2 Kf5 41.Ke2 Ra7 42.Kf2 f6 43.exf6 Kxf6
44.Ke2 e5 45.Ke3 Kf5 46.Kf2 Ke6 47.Ke3 Kf5 48.Kf2 Ra6 49.Ke2 exf4 50.gxf4 h4
51.Kf2 g3+ 52.Ke3 Ra7 53.Kf3 Ra8 54.Ke3 Kg4 55.Ke2 Re8+ 56.Kf1 Ra8 57.Ke2 h3
58.gxh3+ Kxh3 59.f5 g2 60.Kf2 Rf8 61.Kg1 Rxf5 62.Ra3+ Kg4 63.Kxg2 Kg5 64.Kg3 Kg6
65.Kg4 Kf6 66.Ra2 Re5 67.Kf4 Ke6 68.Ra3 Rb5 69.Ke3 Kd5 70.Kd3 Rc5 71.Ra2 Kc6
72.Rc2  1/2-1/2

[Event "34th Olympiad"]
[Site "Istanbul TUR"]
[Date "2000.11.12"]
[Round "14"]
[White "Hansen,SuB"]
[Black "Georgiev,Kr"]
[Result "0-1"]
[WhiteElo "2545"]
[BlackElo "2532"]

1.e4 c5 2.Nc3 Nc6 3.Nf3 e6 4.d4 cxd4 5.Nxd4 a6 6.Be3 Nf6 7.Be2 d6 8.O-O Be7
9.f4 O-O 10.a4 Qc7 11.Kh1 Re8 12.a5 Nxa5 13.e5 dxe5 14.fxe5 Nd7 15.Bd3 g6
16.Qf3 Rf8 17.Bh6 Nxe5 18.Qg3 f6 19.Bxf8 Kxf8 20.Qh3 Kg8 21.Nxe6 Qd6 22.Rxa5 Bxe6
23.Qg3 Nxd3 24.Qxd6 Bxd6 25.cxd3 Be5 26.Ne4 Rf8 27.h3 Kg7 28.Ng5 Bg8 29.Nf3 Bd6
30.Raa1 Bd5 31.Rae1 Rd8 32.Re3 Rc8 33.Nd4 Be5 34.Ne2 Rc2 35.d4 Bd6 36.Rg1 Rxb2
37.Nc3 Bf7 38.Rd1 f5 39.Kg1 h5 40.Rb1 Rxb1+ 41.Nxb1 b5 42.Rc3 Bc4 43.Nd2 Bd5
44.Rc8 Kf6 45.Nf3 b4 46.Nd2 a5 47.Nc4 Bxc4 48.Rxc4 a4  0-1

[Event "34th Olympiad Women"]
[Site "Istanbul TUR"]
[Date "2000.11.12"]
[Round "14"]
[White "Mongontuul,B"]
[Black "Burijovich,L"]
[Result "1-0"]
[WhiteElo "2110"]
[BlackElo "2182"]

1.e4 c5 2.Nf3 e6 3.d4 cxd4 4.Nxd4 Nc6 5.Nc3 Qc7 6.Be2 a6 7.O-O Nf6 8.Be3 Bb4
9.Na4 O-O 10.Nxc6 bxc6 11.Nb6 Rb8 12.Nxc8 Rfxc8 13.Bxa6 Rf8 14.Bd3 Bd6 15.f4 e5
16.f5 Rxb2 17.g4 Qa5 18.g5 Bc5 19.gxf6 Bxe3+ 20.Kh1 Qd8 21.fxg7 Kxg7 22.f6+ Kh8
23.Qh5 Qb8 24.Rae1 Bd2 25.Rd1 Be3 26.Rf3 Qb6 27.Qxe5 Rb1 28.Rxb1 Qxb1+ 29.Rf1 Qb8
30.Qf5 Rg8 31.e5 Rg6 32.Qh3 Qxe5 33.Bxg6 Qd5+ 34.Qf3 hxg6 35.Qxd5 cxd5 36.a4 Kh7
37.a5 Kh6 38.Rd1 Kg5 39.Rxd5+ Kxf6 40.Rxd7 Ke6 41.Rb7 f5 42.a6 f4 43.a7  1-0

[Event "ch-POL Semi-Finals"]
[Site "Polanczyk POL"]
[Date "2000.11.12"]
[Round "9"]
[White "Kolasinski,M"]
[Black "Machaj,B"]
[Result "1-0"]
[WhiteElo "2257"]
[BlackElo "2098"]

1.e4 c5 2.Nf3 e6 3.d4 cxd4 4.Nxd4 Nc6 5.Nc3 Qc7 6.Be2 a6 7.O-O Nf6 8.Nxc6 bxc6
9.f4 Bc5+ 10.Kh1 d5 11.Bd3 dxe4 12.Nxe4 Be7 13.b3 Nxe4 14.Bxe4 Bf6 15.Rb1 O-O
16.Qf3 Bd7 17.Be3 Be7 18.Rbd1 Rac8 19.Bd4 f6 20.Qh5 f5 21.Bd3 Bd6 22.Bxa6 Ra8
23.Bc4 Rxa2 24.Rd3 Rf7 25.Rh3 h6 26.Qg6 Bxf4 27.Rhf3 c5 28.Rxf4 cxd4 29.Rxf5 exf5
30.Qxf7+ Kh7 31.Be6 Qxc2 32.Qg8+ Kg6 33.Bf7+ Kf6 34.Bd5 Kg6 35.Qf7+  1-0

[Event "ch-POL Semi-Finals"]
[Site "Polanczyk POL"]
[Date "2000.11.12"]
[Round "9"]
[White "Zawadzki,S"]
[Black "Lercel,M"]
[Result "1/2-1/2"]
[WhiteElo "2283"]
[BlackElo "2192"]

1.e4 c5 2.Nc3 e6 3.Nge2 Nc6 4.d4 cxd4 5.Nxd4 d6 6.Be2 Nf6 7.O-O Be7 8.Be3 O-O
9.f4 e5 10.fxe5 dxe5 11.Nf5 Bxf5 12.Rxf5 g6 13.Rf2 Nd4 14.Qd3 Qb6 15.Raf1 Rfd8
16.Rxf6 Bxf6 17.Nd5 Rxd5 18.exd5 e4 19.Qxe4  1/2-1/2

[Event "ch-POL Semi-Finals"]
[Site "Polanczyk POL"]
[Date "2000.11.12"]
[Round "9"]
[White "Bobras,P"]
[Black "Gajewski,G"]
[Result "0-1"]
[WhiteElo "2393"]
[BlackElo "2248"]

1.e4 c5 2.Nf3 e6 3.d4 cxd4 4.Nxd4 Nc6 5.Nc3 Qc7 6.Be3 Nf6 7.Bd3 a6 8.O-O Ne5
9.h3 Bc5 10.f4 Nc6 11.Nf5 Bxe3+ 12.Nxe3 d6 13.Qe1 O-O 14.Qh4 h6 15.Rf3 Nd4
16.Rg3 Kh8 17.Rf1 b5 18.e5 Ng8 19.Ne4 dxe5 20.fxe5 Qxe5 21.Ng4 Qd5 22.Nxh6 Nxh6
23.Rxg7 Kxg7 24.Qf6+ Kg8 25.Qxh6 f5 26.Qg6+ Kh8 27.Qh6+ Kg8 28.Qg6+ Kh8 29.Nf6 Ne2+
30.Kh1 Ng3+ 31.Qxg3 Rxf6 32.Rf4 Ra7  0-1

[Event "FSIM November"]
[Site "Budapest HUN"]
[Date "2000.11.16"]
[Round "13"]
[White "Rajlich,V"]
[Black "Kanko,I"]
[Result "0-1"]
[WhiteElo "2209"]
[BlackElo "2206"]

1.e4 c5 2.Nf3 e6 3.d4 cxd4 4.Nxd4 Nc6 5.Nc3 Qc7 6.f4 a6 7.Nxc6 bxc6 8.Bd3 d5
9.O-O Nf6 10.Kh1 Be7 11.Rf3 c5 12.f5 c4 13.fxe6 cxd3 14.Rxf6 Bxf6 15.Nxd5 Qb7
16.exf7+ Qxf7 17.cxd3 O-O 18.d4 Bb7 19.Nc3 Rad8 20.Be3 Kh8 21.Qa4 Qg6 22.d5 Be5
23.Bd4 Qh5 24.Bxe5 Qxe5 25.Qb4 Bc8 26.Qb6 Rd6 27.Qc7 Qf4 28.Ne2 Qh6 29.Qc5 Rdf6
30.e5 Rf2 31.e6 Qg5 32.Ng3 Bxe6 33.Rg1 Qxd5 34.Qe7 Bh3 35.Ne4 Bxg2+ 36.Rxg2 Qd1+
37.Rg1 Qf3+  0-1

[Event "Tch-AUT 2000-01"]
[Site "Gleisdorf AUT"]
[Date "2000.11.17"]
[Round "3"]
[White "Atlas,V"]
[Black "Horvath,Jo"]
[Result "1/2-1/2"]
[WhiteElo "2472"]
[BlackElo "2551"]

1.e4 c5 2.Nf3 e6 3.d4 cxd4 4.Nxd4 Nc6 5.Nc3 Qc7 6.g3 a6 7.Bg2 Nf6 8.O-O Nxd4
9.Qxd4 Bc5 10.Bf4 d6 11.Qd2 h6 12.Rad1 e5 13.Be3 Be6 14.Bxc5 dxc5 15.Nd5 Bxd5
16.exd5 Qd6 17.f4 O-O 18.fxe5 Qxe5 19.d6 Qxb2 20.c4 Qxd2 21.Rxd2 Rab8 22.Rb1 b5
23.cxb5 axb5 24.Rc2 Rfc8 25.Bh3 Rd8 26.Rxc5 Rxd6 27.a4 b4 28.Rc8+ Rxc8 29.Bxc8 Rb6
30.a5 Rb8 31.Bf5 Rb5 32.Bd3 Rxa5 33.Rxb4 g6 34.Rb7 Ng4 35.Rb2 Kg7 36.Be2 Ra1+
37.Kg2 Ne5 38.Rc2 h5 39.Rb2 Nc6 40.Rd2 Ne7 41.Bf3 Nf5 42.Kf2 Kf6 43.Be4 Ng7
44.Bd5 g5 45.Ra2 Rc1 46.Ra6+ Ne6 47.Ra2 Nc5 48.Ke3 Kg6 49.Kd4 Nd7 50.Be4+ Kg7
51.Ra5 Rd1+ 52.Bd3 Kf6 53.Rf5+ Ke6 54.Rxg5 f6 55.Ra5 Ne5 56.Ra6+ Ke7 57.Ra7+ Kd6
58.Ra6+ Ke7  1/2-1/2

[Event "Czech Extra League 2000-1"]
[Site "CZE"]
[Date "2000.11.18"]
[Round "1"]
[White "Mirumian,V"]
[Black "Jansa,Vl"]
[Result "1/2-1/2"]
[WhiteElo "2557"]
[BlackElo "2467"]

1.e4 c5 2.Nc3 Nc6 3.Nge2 e6 4.d4 cxd4 5.Nxd4 Qc7 6.g3 a6 7.Bg2 Nf6 8.O-O d6
9.Nxc6 bxc6 10.Na4 Be7 11.c4 O-O 12.b3 e5 13.Be3 Rb8 14.Rc1 Be6 15.h3 Nd7
16.Kh2 Nc5 17.Nxc5 dxc5 18.f4 f6 19.f5 Bf7 20.Rc3 Rfd8 21.Rd3 Qa5 22.Rf2 Rxd3
23.Qxd3 Rd8 24.Qc2 Qe1 25.Re2 Qd1 26.Qxd1 Rxd1 27.Rd2 Rxd2 28.Bxd2 Kf8 29.g4 Ke8
30.Kg3 Kd7 31.Bf3 Bd8 32.Kh4 Be7 33.g5 fxg5+ 34.Bxg5 Bxg5+ 35.Kxg5 h6+ 36.Kh4 g6
37.fxg6 Bxg6 38.Kg3 Kc7 39.Kf2 Kb6 40.Ke3 Ka5 41.a3 Kb6 42.Kd3 Bf7 43.Kc3 Kc7
44.h4 Bg6 45.Kd3 Bf7 46.Kc3 Be6 47.Kd3 Bh3 48.Ke2 a5 49.a4 Kd6 50.Kf2 Ke7
51.Bg2 Bg4 52.Bf3 Bxf3 53.Kxf3  1/2-1/2

[Event "TCh-FIN 00-01"]
[Site "FIN"]
[Date "2000.11.18"]
[Round "4"]
[White "Holmsten,A"]
[Black "Agopov,M"]
[Result "1-0"]
[WhiteElo "2435"]
[BlackElo "2354"]

1.e4 c5 2.Nf3 Nc6 3.d4 cxd4 4.Nxd4 e6 5.Nc3 Qc7 6.Be3 a6 7.Be2 Nf6 8.O-O Be7
9.f4 d6 10.Qe1 O-O 11.Rd1 Bd7 12.Qg3 b5 13.e5 dxe5 14.fxe5 Nxe5 15.Bf4 Bd6
16.Nb3 Nd5 17.Rxd5 exd5 18.Nxd5 Qa7+ 19.Be3 Qb8 20.Nf6+ Kh8 21.Qh4 gxf6 22.Qxf6+ Kg8
23.Bh6 Nf3+ 24.Bxf3 Bxh2+ 25.Kh1 Qe5 26.Bxa8 Rxa8 27.Qxf7+ Kh8 28.Qxd7 Bg3
29.Qd4  1-0

[Event "Tch-AUT 2000-01"]
[Site "Gleisdorf AUT"]
[Date "2000.11.18"]
[Round "4"]
[White "Druckenthaner,A"]
[Black "Baumegger,S"]
[Result "1/2-1/2"]
[WhiteElo "2317"]
[BlackElo "2393"]

1.e4 c5 2.Nf3 Nc6 3.d4 cxd4 4.Nxd4 e6 5.Nc3 Qc7 6.Be3 a6 7.Bd3 Nf6 8.O-O Ne5
9.h3 b5 10.f4 Nc4 11.Bxc4 Qxc4 12.e5 Nd5 13.Nxd5 Qxd5 14.Nb3 Bb7 15.Qe2 Rc8
16.Qf2 Qe4 17.c3 Be7 18.Rad1 Bc6 19.Nc5 Bxc5 20.Bxc5 Qxg2+ 21.Qxg2 Bxg2 22.Kxg2 Rxc5
23.Rd6 Ke7 24.Rfd1 Rd8 25.Rxa6 g5 26.Kf3 gxf4 27.Kxf4 f6 28.exf6+ Kxf6 29.Rad6 Rf5+
30.Ke4 Ke7 31.R1d2 Rh5 32.R2d3 Kf6 33.Rf3+ Ke7 34.Rfd3 Kf6  1/2-1/2

[Event "TCh-FIN 00-01"]
[Site "FIN"]
[Date "2000.11.19"]
[Round "5"]
[White "Nieminen,K"]
[Black "Issakainen,A"]
[Result "1/2-1/2"]
[WhiteElo "2226"]
[BlackElo "2216"]

1.e4 c5 2.Nf3 e6 3.Nc3 Nc6 4.d4 cxd4 5.Nxd4 Qc7 6.Be2 a6 7.Be3 Nf6 8.O-O Bb4
9.Nxc6 bxc6 10.Na4 Be7 11.Nb6 Rb8 12.Nxc8 Qxc8 13.Bd4 O-O 14.Qd3 c5 15.Bc3 Rd8
16.Ba5 Re8 17.c4 d6 18.b3 Nd7 19.Rad1 Ne5 20.Qg3 Nc6 21.Bc3 e5 22.f4 Nd4
23.Bg4 Qc7 24.Kh1 Bf6 25.Bxd4 exd4 26.Bf3 Qa5 27.Qf2 Qc7 28.g4 g5 29.e5 dxe5
30.fxg5 Bxg5 31.Be4 Qe7 32.Qf5 f6 33.Rd3 Rbd8 34.Rh3 h6 35.Rh5 d3 36.Rd1 d2
37.h4 Bf4 38.Qg6+ Qg7 39.Qf5 Rd4 40.Bd5+ Rxd5 41.cxd5 Qf7 42.Qe4 Rd8 43.Kg1 Rxd5
44.Rf5 Rd4 45.Qc6 Be3+ 46.Kf1 Rf4+ 47.Ke2 Rxf5 48.Qc8+ Kg7 49.Qxf5 Bf4 50.h5 Bg5  1/2-1/2

[Event "Tch-AUT 2000-01"]
[Site "Gleisdorf AUT"]
[Date "2000.11.19"]
[Round "5"]
[White "Polzin,R"]
[Black "Horvath,Jo"]
[Result "1/2-1/2"]
[WhiteElo "2465"]
[BlackElo "2551"]

1.e4 c5 2.Nf3 e6 3.d4 cxd4 4.Nxd4 Nc6 5.Nc3 Qc7 6.Be2 a6 7.O-O Nf6 8.Be3 Be7
9.f4 d6 10.a4 O-O 11.Kh1 Re8 12.a5 Nxa5 13.e5 dxe5 14.fxe5 Qxe5 15.Bf4 Qc5
16.Na4 Qa7 17.Bc7 b5 18.Nb6 Rb8 19.Bxb8 Qxb6 20.Be5 Bb7 21.Qd2 Nc4 22.Bxc4 bxc4
23.Qf2 Qc5  1/2-1/2

[Event "Autumn Cup GM"]
[Site "Bucharest ROM"]
[Date "2000.11.20"]
[Round "1"]
[White "Sebe,R"]
[Black "Matulovic,M"]
[Result "1/2-1/2"]
[WhiteElo "2303"]
[BlackElo "2433"]

1.e4 c5 2.Nc3 Nc6 3.Nf3 e6 4.d4 cxd4 5.Nxd4 Qc7 6.f4 a6 7.Be2 b5 8.a3 Bb7
9.Be3 Rc8 10.Nb3 d6 11.O-O Nf6  1/2-1/2

[Event "VI Open"]
[Site "Lisbon POR"]
[Date "2000.11.21"]
[Round "4"]
[White "Palac,M"]
[Black "Pogorelov,R"]
[Result "1-0"]
[WhiteElo "2573"]
[BlackElo "2445"]

1.e4 c5 2.Nf3 Nc6 3.d4 cxd4 4.Nxd4 e6 5.Nc3 Qc7 6.Be2 a6 7.O-O Nf6 8.Be3 Be7
9.f4 d6 10.a4 O-O 11.Kh1 Re8 12.Bg1 Nxd4 13.Qxd4 e5 14.Qd3 exf4 15.Rxf4 Be6
16.Raf1 Nd7 17.Nd5 Bxd5 18.Qxd5 Bf6 19.Bc4 Re7 20.Bb3 Rae8 21.Bd4 Ne5 22.Bc3 Qc6
23.Qd1 b5 24.Bd5 Qc7 25.axb5 axb5 26.Qe2 Qc5 27.Be1 Ng6 28.Rf5 Re5 29.Qd3 Rxf5
30.Rxf5 Ne5 31.Qb3 Qc7 32.Qxb5 Rb8 33.Qa4 Ng6 34.Bb3 Ne7 35.Ra5 Kf8 36.Ra7 Qc6
37.Qxc6 Nxc6 38.Rxf7+ Ke8 39.Rc7 Ra8 40.Kg1 Ra1 41.Kf2  1-0

[Event "Norkom European Masters"]
[Site "Kilkenny IRL"]
[Date "2000.11.24"]
[Round "1"]
[White "Anderson,J"]
[Black "Belkhodja,S"]
[Result "0-1"]
[WhiteElo "2161"]
[BlackElo "2440"]

1.e4 c5 2.Nf3 Nc6 3.d4 cxd4 4.Nxd4 e6 5.Nc3 d6 6.Be3 Nf6 7.f3 d5 8.Bb5 Bd7
9.exd5 exd5 10.Qe2 Be7 11.O-O-O O-O 12.g4 Bb4 13.g5 Bxc3 14.Bxc6 Bxd4 15.Bxd4 Re8
16.Qd2 Ne4 17.fxe4 bxc6 18.exd5 Bg4 19.Rde1 Qxd5 20.Rxe8+ Rxe8 21.Rg1 c5
22.Bc3 Qxa2 23.b3 Bf5 24.Bb2 Qa6 25.h4 Qg6 26.Qf2 Qe6 27.Kb1 Rb8 28.Rg3 Rd8
29.Rg1 c4 30.bxc4 Be4 31.Re1 Qxc4 32.Qe2 Qxe2 33.Rxe2 Bg6 34.Kc1 h6 35.gxh6 gxh6
36.Bf6 Rc8 37.c3 Kh7 38.Kd2 Rc6 39.Bd4 a6 40.Rg2 f6 41.Re2  0-1

[Event "Mitropa Team Cup"]
[Site "Charleville FRA"]
[Date "2000.11.27"]
[Round "3"]
[White "Degraeve,JM"]
[Black "Horvath,Ad"]
[Result "1/2-1/2"]
[WhiteElo "2540"]
[BlackElo "2425"]

1.e4 c5 2.Nf3 e6 3.d4 cxd4 4.Nxd4 Nc6 5.Nc3 Qc7 6.Be2 a6 7.O-O Nf6 8.Kh1 Nxd4
9.Qxd4 Bc5 10.Qd3 b5 11.f4 Bb7 12.Bf3 h5 13.Bd2 h4 14.e5 Nh5 15.Be3 Ng3+
16.hxg3 hxg3+ 17.Kg1 Qb6 18.Rfe1 Bxf3 19.gxf3 Bxe3+ 20.Rxe3 Qd8 21.Qd2 Rh2
22.Re2 Rh6 23.Re3 Rh2 24.Re2 Rh6 25.Re3 g2 26.Qxg2 Rg6 27.Qxg6 fxg6 28.Kg2 g5
29.Rh1 Kf7 30.Re4 Rc8 31.Rh5 d5 32.exd6 Qxd6 33.Rxg5 b4 34.Ne2 Rxc2 35.Kg3 Rxb2
36.Nd4 Rxa2 37.Rge5 b3 38.Nxe6 Qxe5 39.Rxe5 b2 40.Ng5+ Kf8 41.Nh7+ Kg8 42.Ng5 Kf8  1/2-1/2

[Event "National Chess Congress"]
[Site "Philadelphia USA"]
[Date "2000.11.28"]
[Round "5"]
[White "Rogers,N"]
[Black "Ippolito,D"]
[Result "1/2-1/2"]
[WhiteElo "2261"]
[BlackElo "2376"]

1.e4 c5 2.Nf3 e6 3.Nc3 Nc6 4.d4 cxd4 5.Nxd4 Nf6 6.Ndb5 d6 7.Bf4 e5 8.Bg5 a6
9.Na3 b5 10.Bxf6 gxf6 11.Nd5 f5 12.c3 Bg7 13.exf5 Bxf5 14.Nc2 O-O 15.Nce3 Be6
16.Bd3 f5 17.Bc2 f4 18.Qh5 Rf7 19.Bxh7+ Kf8 20.Bf5 Qe8 21.Bxe6 Qxe6 22.Qg4 Qh6
23.Nf5 Qe6 24.Nfe3 Qh6 25.O-O e4 26.Nf5 Qe6 27.Nfe3 Qh6 28.Nf5 Qe6 29.Nfe3  1/2-1/2

[Event "Autumn Cup IM"]
[Site "Bucharest ROM"]
[Date "2000.11.29"]
[Round "9"]
[White "Cioara,A"]
[Black "Berechet,O"]
[Result "1/2-1/2"]
[WhiteElo "2350"]
[BlackElo "2224"]

1.e4 c5 2.Nf3 e6 3.d4 cxd4 4.Nxd4 Nc6 5.Nc3 Qc7 6.g3 a6 7.Bg2 Nf6 8.O-O Nxd4
9.Qxd4 Bc5 10.Bf4 d6 11.Qd3 e5 12.Bg5 Be6 13.Bxf6 gxf6 14.Nd5 Bxd5 15.Qxd5 Qc6
16.Qb3 Ke7 17.Kh1 Qb5 18.Qf3 Rab8 19.b3 Qa5 20.c3 Ba7 21.Rfd1 Rbc8 22.Rd3 Rhd8
23.Kg1 Rc6 24.a4 Qc7 25.Rad1 Qc8 26.h4 Rg8 27.Kf1 Qg4 28.Qf5 Qxf5 29.exf5 Rc7
30.Rxd6 Bd4 31.cxd4 Kxd6 32.dxe5+ Ke7 33.exf6+ Kxf6 34.Be4 b5 35.axb5 axb5
36.Rd5 Rg4 37.Bf3 Rb4 38.Bd1 Ke7 39.g4 Rd7 40.Re5+ Kd8 41.Be2 Rxb3 42.Bxb5 f6
43.Bxd7 fxe5 44.Be6 Rb4 45.f3 Ke7 46.Kf2 h6 47.Bd5 Kf6 48.Be4  1/2-1/2

[Event "Mitropa Team Cup"]
[Site "Charleville FRA"]
[Date "2000.11.29"]
[Round "5"]
[White "Mantovani,R"]
[Black "Pisk,P"]
[Result "1/2-1/2"]
[WhiteElo "2410"]
[BlackElo "2400"]

1.e4 c5 2.Nf3 Nc6 3.Nc3 e6 4.d4 cxd4 5.Nxd4 Qc7 6.g3 a6 7.Bg2 Nf6 8.O-O Bc5
9.Bf4 e5 10.Nb3 exf4 11.Nxc5 d6 12.Nd3 fxg3 13.hxg3 Be6 14.Nd5 Bxd5 15.exd5 Ne7
16.Nf4 O-O 17.c3 Rfe8 18.Nh5 Nxh5 19.Qxh5 Qb6 20.b3 Ng6 21.Qd1 Re7 22.Re1 Rae8
23.Rxe7 Rxe7 24.Qd2 Qd8 25.Re1 Qe8  1/2-1/2

[Event "FIDE WCh KO"]
[Site "New Delhi IND"]
[Date "2000.12.02"]
[Round "2.5"]
[White "Macieja,B"]
[Black "Krasenkow,M"]
[Result "0-1"]
[WhiteElo "2536"]
[BlackElo "2702"]

1.e4 c5 2.Nf3 Nc6 3.Nc3 e6 4.d4 cxd4 5.Nxd4 Bb4 6.Nb5 Nf6 7.a3 Bxc3+ 8.Nxc3 d5
9.exd5 exd5 10.Bd3 O-O 11.O-O d4 12.Ne2 Bg4 13.h3 Bh5 14.Bg5 Qd6 15.Re1 Rfe8
16.Qd2 Bg6 17.Qf4 Qxf4 18.Nxf4 Bxd3 19.Nxd3 Nd7 20.Bf4 f6 21.Kf1 Kf7 22.Bd6 Re6
23.Rxe6 Kxe6 24.Bg3 Rc8 25.Re1+ Kf7 26.Ke2 Nce5 27.Kd2 Nc4+ 28.Kc1 Nf8 29.Rd1 Ne6
30.Nf4 Rd8 31.Nxe6 Kxe6 32.a4 Rd5 33.b3 Na5 34.Kd2 Nc6 35.Re1+ Kd7 36.Re4 h5
37.h4 Nd8 38.f3 Ne6 39.Bf2 f5 40.Re1 f4 41.Re4 g5 42.b4 gxh4 43.Bxh4 a5 44.c4 Rf5
45.b5 Kd6 46.Bf2 Rg5 47.Bxd4 Rxg2+ 48.Kd3 h4 49.c5+ Nxc5+ 50.Bxc5+ Kxc5 51.Rxf4 h3
52.Rh4 h2 53.Kc3 Rf2 54.Rh5+ Kd6 55.Kd4 Rd2+ 56.Kc3 Ra2 57.Kb3 Rf2 58.Kc4 b6
59.Kd4 Rd2+ 60.Kc3 Ra2 61.Kb3 Rf2 62.Kc4 Ke6 63.Kd4 Kf6 64.Kd5 Kg6 65.Rh8 Rc2
66.Ke4 Kg5 67.Rh3 Rc4+ 68.Ke5 Rh4 69.f4+ Kg4  0-1

[Event "FIDE WCh KO"]
[Site "New Delhi IND"]
[Date "2000.12.02"]
[Round "2.10"]
[White "Macieja,B"]
[Black "Krasenkow,M"]
[Result "1-0"]
[WhiteElo "2536"]
[BlackElo "2702"]

1.e4 c5 2.Nf3 Nc6 3.Nc3 e6 4.d4 cxd4 5.Nxd4 Bb4 6.Nb5 Nf6 7.a3 Bxc3+ 8.Nxc3 d5
9.exd5 exd5 10.Bd3 O-O 11.O-O d4 12.Ne4 Bf5 13.Bg5 Bxe4 14.Bxe4 h6 15.Bxf6 Qxf6
16.Re1 Rad8 17.Qf3 Qxf3 18.Bxf3 Rfe8 19.Rxe8+ Rxe8 20.Kf1 Re5 21.Re1 Rb5
22.Re8+ Kh7 23.b3 f5 24.Bxc6 bxc6 25.Ke2 f4 26.Re4 Rc5 27.Kd3 Rh5 28.Rxf4 Rxh2
29.g3 g5 30.Rf3 h5 31.Kxd4 h4 32.gxh4 gxh4 33.Ke3 h3 34.Kf4 Rh1 35.Kg3 h2
36.Rf7+ Kg8 37.Rxa7 Rf1 38.Kxh2 Rxf2+ 39.Kg3 Rxc2 40.Kf4 c5 41.Rb7 Ra2 42.Ke4 Rxa3
43.Kd5 Ra5 44.Kc4 Kf8 45.Rb5 Ra1 46.Kxc5 Ke7 47.Kc6 Rc1+ 48.Rc5 Rb1 49.Rc3 Kd8
50.Kb7 Kd7 51.Rd3+ Ke6 52.Kc6 Rc1+ 53.Kb7 Rb1 54.Kb6 Rb2 55.Kb5 Rc2 56.b4 Rc8
57.Ka6  1-0